Business Driven Technology (Record no. 6270)

MARC details
000 -LEADER
fixed length control field 00575nam a22002177a 4500
003 - CONTROL NUMBER IDENTIFIER
control field OSt
005 - DATE AND TIME OF LATEST TRANSACTION
control field 20190829163712.0
008 - FIXED-LENGTH DATA ELEMENTS--GENERAL INFORMATION
fixed length control field 190829b ||||| |||| 00| 0 eng d
020 ## - INTERNATIONAL STANDARD BOOK NUMBER
International Standard Book Number 125956732X
020 ## - INTERNATIONAL STANDARD BOOK NUMBER
International Standard Book Number 9781259567322
040 ## - CATALOGING SOURCE
Transcribing agency DDC
050 ## - LIBRARY OF CONGRESS CALL NUMBER
Classification number 658.412 BAL 2017
100 ## - MAIN ENTRY--PERSONAL NAME
Personal name Baltzan, Paige
9 (RLIN) 12883
245 ## - TITLE STATEMENT
Title Business Driven Technology
250 ## - EDITION STATEMENT
Edition statement 7th ed.
260 ## - PUBLICATION, DISTRIBUTION, ETC. (IMPRINT)
Place of publication, distribution, etc. New York;
Name of publisher, distributor, etc. McGraw-hill
Date of publication, distribution, etc. 2017
300 ## - PHYSICAL DESCRIPTION
Extent xxx,520p;
Other physical details col.ill:
Dimensions 27cm
504 ## - BIBLIOGRAPHY, ETC. NOTE
Bibliography, etc Answers, glossary, & index included
650 ## - SUBJECT ADDED ENTRY--TOPICAL TERM
Topical term or geographic name as entry element Business technology
9 (RLIN) 12884
942 ## - ADDED ENTRY ELEMENTS (KOHA)
Source of classification or shelving scheme Dewey Decimal Classification
Koha item type Book
Holdings
Withdrawn status Lost status Source of classification or shelving scheme Damaged status Not for loan Home library Current library Date acquired Source of acquisition Inventory number Total Checkouts Full call number Barcode Date last seen Koha item type
    Dewey Decimal Classification     Faculty of Management Science Library Faculty of Management Science Library 29/08/2019 Purchase 19/40952   658.412 BAL 2017 2019-0297 29/08/2019 Book
    Dewey Decimal Classification     Faculty of Management Science Library Faculty of Management Science Library 29/08/2019 Purchase 19/40953   658.412 BAL 2017 2019-0298 29/08/2019 Book
    Dewey Decimal Classification     Faculty of Management Science Library Faculty of Management Science Library 29/08/2019 Purchase 19/40954   658.412 BAL 2017 2019-0299 29/08/2019 Book
    Dewey Decimal Classification     Faculty of Management Science Library Faculty of Management Science Library 29/08/2019 Purchase 19/40955   658.412 BAL 2017 2019-0300 29/08/2019 Book
    Dewey Decimal Classification     Faculty of Management Science Library Faculty of Management Science Library 29/08/2019 Purchase 19/41136   658.412 BAL 2017 2019-0301 29/08/2019 Book